La pequeña y mediana empresa dominicana : (Registro nro. 13766)

Detalles MARC
000 -LIDER
fixed length control field 01089nam a2200277 a 4500
001 - NÚMERO DE CONTROL
Identificador de número de control
003 - IDENTIFICACDOR DE NÚMERO DE CONTROL
control field DO-SdBNP
005 - DATE AND TIME OF LATEST TRANSACTION
control field 20211006080559.0
008 - ELEMENTOS DE LONGITUD FIJA
fixed length control field 090908s2005 dr 001 0 spa d
040 ## - FUENTE DE CATALOGACIÓN
Agencia que crea de manera original el registro DO-SdBNP
Idioma de catalogación spa
Agencia que realiza la transcripción BPMSU
082 ## - NÚMERO DE CLASIFICACIÓN DECIMAL DE DEWEY
Classification number 338.64
Edition number 22
Item number C172p 2005
100 1# - ASIENTO PRINCIPAL -- NOMBRE PERSONAL
Nombre personal Camacho, Luis,
Fechas asociadas con el nombre 1969-
245 13 - MENCIÓN DE TITULO
Título La pequeña y mediana empresa dominicana :
Subtítulo mitos y realidad /
Mención de responsabilidad Luis Camacho, Claudio M. Riccardi ; prólogo Alba Iris Montero.
246 13 - VARIACION DEL TÍTULO
Título propiamente dicho o título corto Un cuento entre la novela y el drama
260 ## - PUBLICACIÓN, DISTRIBUCIÓN, ETC. (PIE DE IMPRENTA)
Lugar de publicación, distribución, etc La Romana, República Dominicana :
Nombre del editor, distribuidor, etc. Fundación Biblioteca Universitaria Provicional,
Fecha de publicación, distribución, etc 2005.
300 ## - DESCRIPCIÓN FÍSICA
Extensión 165 p. ;
Dimensiones 20 cm.
500 ## - NOTA GENERAL
Nota general Incluye datos biográficos de los autores en la portada de la contracubierta
500 ## - NOTA GENERAL
Nota general Incluye referencias bibliográficas y notas al pie de las páginas
590 ## - NOTA LOCAL
Texto de la nota local Inventariado, 2021/VM
650 #4 - ENCABEZAMIENTO DE MATERIA--TEMÁTICO
Término temático o nombre geográfico como elemento de entrada Pequeña y mediana empresa
Subdivisión geográfica República Dominicana
650 #4 - ENCABEZAMIENTO DE MATERIA--TEMÁTICO
Término temático o nombre geográfico como elemento de entrada Microempresa
Subdivisión geográfica República Dominicana
700 1# - ASIENTO SECUNDARIO -- NOMBRE PERSONAL
Nombre personal Riccardi, Claudio M.
Fechas asociadas con el nombre 1952-
700 1# - ASIENTO SECUNDARIO -- NOMBRE PERSONAL
Nombre personal Montero, Alba Iris,
Mención de responsabilidad pról.
910 ## - VALIDACIÓN
Validación VMateo V.
942 ## - ADDED ENTRY ELEMENTS (KOHA)
Source of classification or shelving scheme Dewey Decimal Classification
Koha item type Libros
Existencias
Withdrawn status Lost status Source of classification or shelving scheme Damaged status Not for loan Collection code Home library Current library Date acquired Source of acquisition Total Checkouts Full call number Barcode Date last seen Price effective from Koha item type Copy number
    Dewey Decimal Classification     Colección Dominicana Biblioteca Pública Metropolitana Salomé Ureña Biblioteca Pública Metropolitana Salomé Ureña 10/06/2021 Compra   BPMSU CD 338.64 C172p 2005 BPMSU21100055 10/06/2021 10/06/2021 Libros  
    Dewey Decimal Classification     Colección Dominicana Biblioteca Pública Metropolitana Salomé Ureña Biblioteca Pública Metropolitana Salomé Ureña 10/06/2021 Compra   BPMSU CD 338.64 C172p 2005 BPMSU21100056 10/06/2021 10/06/2021 Libros e.2
    Dewey Decimal Classification     Colección Dominicana Biblioteca Pública Metropolitana Salomé Ureña Biblioteca Pública Metropolitana Salomé Ureña 10/06/2021 Compra   BPMSU CD 338.64 C172p 2005 BPMSU26030024 03/09/2026 10/06/2021 Libros e.3